[Event "SVR op"]
[Site "Nickenich"]
[Date "2015.04.02"]
[Round "5"]
[White "Juhn, Alexander"]
[Black "Kasperczyk, Thomas"]
[Result "1-0"]
[WhiteElo "1489"]
[BlackElo "1477"]
[PlyCount "101"]
[EventDate "2015.03.28"]
[EventType "swiss"]
[EventRounds "7"]
[EventCountry "GER"]
[SourceTitle "EXT 2016"]
[Source "ChessBase"]
[SourceDate "2015.10.08"]
[SourceVersion "1"]
[SourceVersionDate "2015.10.08"]
[SourceQuality "1"]

1. e4 e5 2. Nc3 f5 3. exf5 Nf6 4. d4 e4 5. Bg5 d5 6. Bxf6 Qxf6 7. Qh5+ g6 8. fxg6 hxg6 9. Qxd5 Nc6 10. Qxe4+ Be7 11. Bb5 0-0 12. Nf3 Bf5 13. Qe2 Nb4 14. Bc4+ Kg7 15. Bb3 c6 16. 0-0 Bd6 17. a3 Rae8 18. Qd2 Na6 19. Rae1 Nc7 20. Qg5 Rh8 21. Qxf6+ Kxf6 22. Rxe8 Nxe8 23. Re1 Ng7 24. Ne4+ Bxe4 25. Rxe4 Nf5 26. Re6+ Kg7 27. g4 Bxh2+ 28. Nxh2 Nxd4 29. Re7+ Kf6 30. Rxb7 Ne2+ 31. Kf1 Nd4 32. Rf7+ Ke5 33. Nf3+ Nxf3 34. Rxf3 Rh4 35. Rg3 c5 36. Ke2 Rh1 37. Rd3 Kf4 38. Rd5 Kxg4 39. Rxc5 Rb1 40. Ra5 Rxb2 41. Rxa7 Kf4 42. a4 Rb1 43. a5 Ra1 44. a6 Kg5 45. Bc4 Ra4 46. Bd3 Kf6 47. Rb7 g5 48. a7 Ke6 49. f3 Kd6 50. Rg7 Ra5 51. Be4 1-0